000 00199nam a22000977a 4500
082 _a894.812.3
_bKUR/L
100 _aKURUPPU
245 _aLOKACHARITHRAM ONNAM BHAGAM
650 _aMALAYALAM
942 _cBK
999 _c9040
_d9040